000
00326 a2200145 4500
001
152913
040
_c
Escola São Tomás de Aquino
240
1
0
_a
O mundo é uma bola
_l
por
245
1
0
_a
O mundo é uma bola
300
_a
114
362
0
_a
2014
440
1
_a
Ática
697
_a
Educação Física / Esporte
942
_c
BK
999
_c
152913
_d
152913